Finančný prenájom v účtovníctve verejnej správy
Obsahové vymedzenie a účtovné zobrazenie dlhodobého majetku a finančného prenájmu v účtovníctve subjektov verejnej správy upravené právnymi predpismi SR. Pojem finančný prenájom. Finančný prenájom rozpočtových a príspevkových organizácií regulovaný rozpočtovými pravidlami. Pojmy používané pre účely...
Salvato in:
| Autore principale: | |
|---|---|
| Natura: | Capitolo di libro |
| Lingua: | slovacco |
| Soggetti: | |
| Tags: |
Nessun Tag, puoi essere il primo ad aggiungerne!!
|
MARC
| LEADER | 00000naa$a2200000$$$4500 | ||
|---|---|---|---|
| 001 | 0082952 | ||
| 005 | 20240613071333.8 | ||
| 041 | 0 | |a slo | |
| 044 | |a CZ | ||
| 245 | 1 | 0 | |a Finančný prenájom v účtovníctve verejnej správy |c Marianna Kicová |
| 520 | |a Obsahové vymedzenie a účtovné zobrazenie dlhodobého majetku a finančného prenájmu v účtovníctve subjektov verejnej správy upravené právnymi predpismi SR. Pojem finančný prenájom. Finančný prenájom rozpočtových a príspevkových organizácií regulovaný rozpočtovými pravidlami. Pojmy používané pre účely účtovania. Postup účtovania finančného prenájmu podľa par. 34 nových postupov účtovania. | ||
| 610 | 2 | 0 | |a účtovníctvo |
| 610 | 2 | 0 | |a účtovanie |
| 610 | 2 | 0 | |a správa verejná |
| 610 | 2 | 0 | |a organizácie rozpočtové |
| 610 | 2 | 0 | |a organizácie príspevkové |
| 610 | 2 | 0 | |a prenájom |
| 610 | 2 | 0 | |a lízing finančný |
| 100 | 1 | |a Kicová, Marianna | |